| 000 | 00809nam0a22002291 4500 | ||
|---|---|---|---|
| 001 | rc\741183 | ||
| 005 | 20250622114441.0 | ||
| 035 | _a(NLR Aleph) 006270625 | ||
| 090 |
_a6945312 _c6945312 |
||
| 100 | _a20040301d1985 |||y0rusy50 ca | ||
| 101 | 0 | _arus | |
| 102 | _aRU | ||
| 105 | _ay ||||||||| | ||
| 200 | 1 | _aДеятельность партийных организаций Сибири по укреплению союза рабочего класса с крестьянством (октябрь 1917-1925 гг.) | |
| 210 |
_aТомск _cИзд-во Том. ун-та _d1985 |
||
| 215 |
_a257 с. _d20 |
||
| 700 | 1 |
_aСуверов _bВ.М. _f1939- _gВасилий Михайлович |
|
| 801 | 0 |
_aRU _bNLR _gpsbo |
|
| 801 | 1 |
_aRU _bELAR _2rusmarc |
|
| 852 |
_aNLR _j85-3/8825 |
||
| 942 | _cBOOK | ||
| 980 | _aNB | ||